Top 10 Songs by Slayer - Statistics

General Stats
  • This quiz has been taken 5 times
  • The average score is 7 of 10
Answer Stats
Hint Answer % Correct
2 Angel of Death
100%
6 Dead Skin Mask
100%
1 Raining Blood
100%
3 South of Heaven
100%
4 Seasons in the Abyss
80%
5 War Ensemble
80%
7 Hell Awaits
60%
10 Disciple
40%
8 Mandatory Suicide
40%
9 Chemical Warfare
20%
No matching quizzes found
Score Distribution
Percent of People with Each Score
Percentile by Number Answered
Your Score History
You have not taken this quiz